000 01022nas a2200361 4500
001 BR0204747
003 BR-BrBNA
005 20231205103242.0
007 ta
008 230509b bl.|||p| |||| 00| 00por d
040 _aBR-BrBNA
_bpor
_cBiblioteca Nacional de Agricultura
041 _a(Pt)
072 _aF04; F62
100 1 _aVogel, H.L.M.
100 1 _aSchumacher, M.V.
100 1 _aBarichelo, L.R.
100 1 _aOliveira, L. da S.
100 1 _aCaldeira, M.V.W.
245 1 _aUtilização de vermicomposto no crescimento de mudas de Hovenia dulcis Thunberg
650 _aUVA JAPONESA
650 _aMUDA
650 _aCOMPOSTO ORGÂNICO
650 _aHÚMUS
650 _aADUBAÇÃO
650 _aÉPOCA DE SEMEADURA
650 _aDIÂMETRO
650 _aALTURA
650 _aMÉTODO
650 _aRIO GRANDE DO SUL
773 0 _tCiência Florestal (Brazil)
_xISSN 0103-9954
_g(Jun 2001), v. 11(1) p. 21-27
_wBR0204747
909 _a202311
_bLúcia
_c55
_dLúcia Elande
942 _2AGRIS
_n0
_cANA
999 _c171894
_d171894